Statistics for NBA 2K19 Galaxy Opals

Click here to take the quiz!

General Stats

  • This quiz has been taken 119 times
    (63 since last reset)
  • The average score is 33 of 91

Answer Stats

PositionTeamPlayer% Correct
SFCavileirsLeBron James
87%
PGWarriorsSteph Curry
87%
PGRaptorsKyle Lowry
84%
PGCavaliersKyrie Irving
82%
PGThunderRussell Westbrook
82%
SFNetsJulius Erving
80%
PG76ersBen Simmons
78%
PGLakersMagic Johnson
73%
SFRaptorsKawhi Leonard
71%
PGSonicsGary Payton
69%
SGBullsMicheal Jordan
67%
PGRaptorsFred VanVleet
64%
SGRocketsJames Harden
64%
SGLakersKobe Bryant
62%
SFWarriorsKevin Durant
62%
PGJazzJohn Stockton
60%
PGSpursTony Parker
58%
SGWarriorsKlay Thompson
56%
PGPelicansChris Paul
53%
PGBullsDerrick Rose
53%
PGKnicksWalt Frazier
49%
SGMagicTracy McGrady
49%
CRaptorsMarc Gasol
47%
C76ersWilt Chamberlain
47%
PGKingsOscar Robertson
47%
PGPistonsIsiah Thomas
44%
PGSunsSteve Nash
42%
PFSpursTim Duncan
40%
CLakersShaq O'Neal
40%
PFJazzKarl Malone
38%
PFWarriorsDraymond Green
38%
SG76ersAllen Iverson
38%
PGHawksTrae Young
36%
SFCelticsLarry Bird
36%
C76ersMoses Malone
36%
PFRaptorsPascal Siakam
36%
SGTrail BlazzersC.J. Mccollum
36%
PFMaviricksDirk Nowitzki
33%
SGTrail BlazzersClyde Drexler
33%
CBucksKareem Abduel Jabbar
33%
PGLakersLonzo Ball
33%
CRocketsYao Ming
33%
PFPelicansAnthony Davis
33%
PFCelticsKevin Garnett
31%
SGRaptorsVince Carter
31%
SGCaviliersJ.R. Smith
31%
SFBucksGiannis Antetokounmpo
31%
SFPacersPaul George
27%
CCelticsBill Russell
27%
C76ersJoel Embiid
27%
CSpursDavid Robinson
24%
SFHawksDominique Wilkins
22%
SFMavericksLuka Doncic
22%
PGWizardsGilbert Arenas
22%
SFKnicksCarmelo Anthony
16%
PFClippersBlake Griffin
16%
PFCelticsKevin McHale
11%
SFBullsJimmy Butler
11%
PFSonicsSean Kemp
11%
SGTrail BlazzersBrandon Roy
11%
PFKingsChris Webber
9%
SFLakersElgin Baylor
9%
CWarriorsManute Bol
9%
PFMaviricksKristaps Porzingis
9%
SFSpursGeorge Gervin
7%
SGSpursManu Ginobli
7%
PFHawksBob Pettit
4%
SGClippersJamal Crawford
4%
SGWarriorsJason Richardson
4%
PFJazzAndrei Kirilenko
4%
SFBullsScottie Pippin
4%
PFWizardsAntawn Jamison
2%
SFPacersDanny Granger
2%
SFCelticsPaul Peirce
2%
CLakersGeorge Mikan
2%
SGKingsMitch Richmond
2%
PFCelticsBrian Scalibrene
0%
SFCelticsJohn Havlick
0%
CHawksDekembe Mutambo
0%
SFGrizzliesRudy Gay
0%
SFLakersJames Worthey
0%
CCavaliersZydrusnas Ilgauskas
0%

Score Distribution

Percentile by Number Answered

Percent of People with Each Score

Your Score History

You have not taken this quiz since the last reset